LEADER 01594nam 2200433 450 001 000014974 005 20110209083840.0 010 $a3-540-18820-7 100 $a20030714d1988----km-y0itay0103----ba 101 0 $aeng 102 $aDE 200 1 $aAnalysis of nonalcoholic beverages$fedited by H. F. Linskens and J. F. Jackson$gcontributors B. Biehl ... [et al.] 210 $aBerlin [etc.]$cSpringer$dc1988 215 $aXX, 412 p.$d25 cm 225 2 $aModern methods of plant analysis$v8 410 0$12001$aModern methods of plant analysis 606 $aBevande$xAnalisi 676 $a663.6$v(21. ed.)$9Tecnologia delle bevande. Bevande analcoliche 702 1$aLinskens,$bHans-Ferdinand 702 1$aJackson,$bJohn F. 702 1$aBiehl,$bB. 801 0$aIT$bUniversità della Basilicata - B.I.A.$gRICA$2unimarc 912 $a000014974 996 $aAnalysis of nonalcoholic beverages$983213 997 $aUNIBAS BAS $aAGRARIA CAT $aSTD025$b01$c20030714$lBAS01$h1001 CAT $aTORRE$b20$c20030725$lBAS01$h0926 CAT $aTORRE$b20$c20031002$lBAS01$h1650 CAT $aTORRE$b20$c20031020$lBAS01$h1251 CAT $aTORRE$b20$c20031201$lBAS01$h1316 CAT $c20050601$lBAS01$h1755 CAT $abatch$b01$c20050718$lBAS01$h1052 CAT $c20050718$lBAS01$h1111 CAT $c20050718$lBAS01$h1141 CAT $c20050718$lBAS01$h1156 CAT $aTTM$b30$c20110209$lBAS01$h0838 FMT Z30 -1$lBAS01$LBAS01$mBOOK$1BASA2$APolo Tecnico-Scientifico$2GEN$BCollezione generale$657599$5T57599$820110210$eXV, 529$f98$FConsultazione LEADER 02267cam0 22003611 450 001 SOBE00059875 005 20180907105947.0 012 $adoel reto noe- Feaf (3) 1710 (R) - Var. 2° gruppo e,to 4° Faas 100 $a20180706d1743 |||||ita|0103 ba 101 $aita 102 $aIT 200 1 $aDel governo della peste, e delle maniere di guardarsene, trattato di Lodovico Antonio Muratori bibliotecario del sereniss. duca di Modena, diviso in politico, medico, et ecclesiastico ... Coll'Aggiunta in questa nuova edizione di un Dettaglio della peste di Marsiglia, colle note dell'istesso autore, e di alcune ricette del famoso Vallisneri 205 $aReimprimatur 21 mensis octobris 1720 210 $aIn Modena, per Bartol. Soliani stamp. duc. 1710. E di nuovo in Nap. per Felice Carlo Mosca$d[1743] 215 $aXXII, 437 p., [1] carta, 43 p., [1] carta$d16° 300 $aSegnatura: a-b? A-2C? 2D¹² 300 $aIniziali xilografiche 300 $anotizia del reimprimatur sul verso del frontespizio 300 $aAggiunta dopo p. 437: [1] carta non numerata contenente Preghiere a Gesù 300 $aContiene anche: Detaglio della peste di Marsiglia, pubblicato dai medici che hanno operato in essa. Con alcune osservazioni di Ludovico Antonio Muratori, ed altre giunte da unirsi al trattato Del governo della peste 620 $dNapoli$9SOBA00012539 700 1$aMuratori$b, Lodovico Antonio$3A600200047880$4070$0152475 712 02$a*Mosca, *Felice *Carlo$3SOBA00017160$4650 712 02$a*Soliani, *Bartolomeo <2.>$3SOBA00017161$4650 801 0$aIT$bBEM$c20180907$gRICA 850 $aBEM 852 $aBEM$jVII.B$m00206 912 $aSOBE00059875 940 $aM 103 Monografia antica SBN 941 $aM 957 $xPagliara|R$aVII.B$b00015a$gNO$cPR$d00206$hPagliaraR$rDono$1tcalvano$2BEM$3BEM$420180706103304.0$520180706110155.0$6tcalvano 996 $aDel governo della peste, e delle maniere di guardarsene, trattato di Lodovico Antonio Muratori bibliotecario del sereniss. duca di Modena, diviso in politico, medico, et ecclesiastico ... Coll'Aggiunta in questa nuova edizione di un Dettaglio della peste di Marsiglia, colle note dell'istesso autore, e di alcune ricette del famoso Vallisneri$91727739 997 $aUNISOB